Movies Quiz

Random Movies or Actor Quiz

Actor connections Quiz Stats

 Plays Quiz not verified by Sporcle

Score 0/20 Timer 10:00
0 Plays Today
Movie Hint Actor % Correct
????
100%
????
80.1%
????
34.5%
????
23.5%
????
20.2%
????
19.2%
????
17.9%
????
17.9%
????
14.7%
????
12.7%
Movie Hint Actor % Correct
????
10.4%
????
9.1%
????
8.5%
????
8.1%
????
8.1%
????
8.1%
????
8.1%
????
7.8%
????
7.8%
????
7.5%

You're not logged in!

Compare scores with friends on all Sporcle quizzes.
OR
Log In

Show Comments

Extras

Created Nov 25, 2010ReportNominate
Tags:Actor Quiz, connection

Top Quizzes Today


Score Distribution

Your Account Isn't Verified!

In order to create a playlist on Sporcle, you need to verify the email address you used during registration. Go to your Sporcle Settings to finish the process.

Report this User

Report this user for behavior that violates our Community Guidelines.

Details: